Statistics for Ranks and Titles

Click here to take the quiz!

General Stats

  • This quiz has been taken 577 times
  • The average score is 19 of 40

Answer Stats

Rank% Correct
King
97%
Duke
87%
General
85%
Captain
82%
Earl
79%
Primate
77%
Prince
77%
Bishop
76%
Lieutenant
74%
Sergeant
74%
Admiral
73%
Private
71%
Major
69%
Colonel
68%
Emperor
64%
Corporal
60%
Curate
60%
Baron
55%
Knight
50%
Metropolitan
50%
Commander
48%
Marshal
41%
Marquess
37%
Viscount
37%
Brigadier
36%
Deacon
31%
Seaman
31%
Ensign
29%
Commodore
28%
Esquire
21%
Gentleman
21%
Cadet
19%
Vicar
17%
Baronet
13%
Midshipman
13%
Dean
6%
Lector
6%
Archdeacon
5%
Rector
3%
Acolyte
2%

Score Distribution

Percentile by Number Answered

Percent of People with Each Score

Your Score History

You have not taken this quiz